| 000 | 00804nam a2200217 i 4500 | ||
|---|---|---|---|
| 001 | 95325 | ||
| 003 | ES-MaACL | ||
| 005 | 20230906181700.0 | ||
| 007 | t| | ||
| 008 | 050526s1960 sp |||| | spa d | ||
| 100 | 1 |
_aLuzón Domingo, Manuel. _974912 |
|
| 245 | 1 | 0 |
_aTratado de la culpabilidad y de la culpa penal con especial referencia a los delitos de imprudencia / _cManuel Luzón Domingo ; prólogo del Excmo. Sr. Don Ildefonso Alamillo Salgado. |
| 260 |
_aBarcelona : _bHispano-Europa, _c1960. |
||
| 300 |
_a2 v. ; _c24 cm. |
||
| 490 | 1 | _aColección de obras de derecho positivo | |
| 650 | 0 | 4 |
_aCulpa jurídica. _911512 |
| 700 | 1 |
_aAlamillo Salgado, Ildefonso. _919101 |
|
| 830 | 0 |
_aColección de obras de derecho positivo _9184359 |
|
| 852 |
_aES-MaACL _jC-18671-72 |
||
| 999 |
_c95325 _d95325 |
||